|
|
|
|
| LEADER |
01103nam a22002777a 4500 |
| 001 |
43553 |
| 003 |
BD-DhAAL |
| 005 |
20241102203410.0 |
| 008 |
241021t20012007enka|||| |||| 00| 0 eng d |
| 020 |
|
|
|a 9780340849712
|
| 020 |
|
|
|a 0340849711
|
| 040 |
|
|
|a BD-DhAAL
|d BD-DhAAL
|
| 082 |
|
|
|a 658.8342
|
| 100 |
|
|
|a Cave, Susan,
|d 1949-
|9 56999
|
| 245 |
|
|
|a Consumer behaviour in a week /
|c Susan Cave.
|
| 260 |
|
|
|a London :
|b Hodder & Stoughton,
|c ©2001 [Tenth impression 2007].
|
| 300 |
|
|
|a 96 pages :
|b illustrations ;
|c 20 cm.
|
| 490 |
|
|
|a In a week
|
| 500 |
|
|
|a At head of cover: Chartered Management Institute
Originally published as: Understanding consumer behaviour in a week. 2001
|
| 541 |
|
|
|a Savar campus library
|e 43553
|
| 650 |
|
|
|a Consumer behavior.
|
| 710 |
|
|
|a Chartered Management Institute (Great Britain)
|
| 830 |
|
|
|a In a week
|9 56963
|
| 942 |
|
|
|2 ddc
|c BK
|
| 999 |
|
|
|c 47033
|d 47033
|
| 952 |
|
|
|0 0
|1 0
|2 ddc
|4 0
|6 658_834200000000000_CAV
|7 0
|9 76708
|a SCL
|b SCL
|c GEN
|d 2024-10-21
|e Savar Campus Library
|g 185.00
|l 0
|o 658.8342 CAV
|p 3020043553
|r 2024-10-21
|t 1
|w 2024-10-21
|y BK
|x Price available in register.
|